00502nam a2200157 i 450000100060000000300090000600500170001500700030003200800410003510000440007624500900012026000480021030000280025865100270028685200310031340929ES-MaACL20251011063101.0t|030307s1980 sp ||||1| spa d1 aCarreras i Candi, Francesc, d1862-193710aGeografía general del Reino de Galicia / cdirigida por Francesc Carreras i Candau. aLa Coruña : bEdiciones Gallegas, c1980. a4 v. : bil. ; c25 cm. 4aGalicia-xGeografía. aES-MaACLjP-426 bR.101435